| 000 | 00489nam a22001697a 4500 | ||
|---|---|---|---|
| 999 |
_c41036 _d41036 |
||
| 003 | OSt | ||
| 005 | 20210303102652.0 | ||
| 008 | 210301b ||||| |||| 00| 0 eng d | ||
| 020 | _a9780141030234 | ||
| 040 | _coclc | ||
| 082 |
_a510.3 _bNEL/P |
||
| 100 |
_98500 _aNelson, David |
||
| 245 |
_aThe Penguin Dictionary Of Mathematics / _cDavid Nelson |
||
| 260 |
_aPenguin Books, _bEngland: _c2008. |
||
| 300 | _a480p | ||
| 942 |
_2ddc _cREF _h510.3 _iNEL/P _k510.3 _mNEL/P |
||